Presupuesto y control de gestión (Registro nro. 44)
[ vista simple ]
| 000 -LEADER | |
|---|---|
| fixed length control field | 01407 a2200241 4500 |
| 001 - CONTROL NUMBER | |
| control field | 59 |
| 005 - DATE AND TIME OF LATEST TRANSACTION | |
| control field | 20260407155406.0 |
| 008 - FIXED-LENGTH DATA ELEMENTS--GENERAL INFORMATION | |
| fixed length control field | 260407a2006 arg spa d |
| 003 - CONTROL NUMBER IDENTIFIER | |
| control field | AR-UNSa-BCEJYS |
| 040 ## - CATALOGING SOURCE | |
| Original cataloging agency | AR-UNSa-BCEJYS |
| Language of cataloging | spa |
| Transcribing agency | AR-UNSa-BCEJYS |
| 080 ## - UNIVERSAL DECIMAL CLASSIFICATION NUMBER | |
| Universal Decimal Classification number | 657.312 |
| Common auxiliary subdivision | Tipo de presupuestos |
| 020 ## - INTERNATIONAL STANDARD BOOK NUMBER | |
| International Standard Book Number | 978-987-1140-51-0 |
| 041 ## - LANGUAGE CODE | |
| Language code of text/sound track or separate title | spa |
| 100 1# - MAIN ENTRY--PERSONAL NAME | |
| Personal name | Leone, Eduardo César |
| 245 10 - TITLE STATEMENT | |
| Title | Presupuesto y control de gestión |
| Name of part/section of a work | una herramienta para entes privados con o sin fines de lucro |
| 250 ## - EDITION STATEMENT | |
| Edition statement | 1a. ed |
| 264 #1 - PRODUCTION, PUBLICATION, DISTRIBUTION, MANUFACTURE, AND COPYRIGHT NOTICE | |
| Place of production, publication, distribution, manufacture | Buenos Aires : |
| Name of producer, publisher, distributor, manufacturer | Osmar D. Buyatti |
| Date of production, publication, distribution, manufacture, or copyright notice | 2006 |
| 300 ## - PHYSICAL DESCRIPTION | |
| Extent | 164 p. |
| Dimensions | 23 cm. |
| 505 ## - FORMATTED CONTENTS NOTE | |
| Formatted contents note | 1. Bases elementales para hacer un presupuesto - 2. Panorama general del programa - 3. Ventas y servicios - 4. Planificación y control de la producción - 5. Planificación y control de compras y utilización de materiales - 6. Planificación y control de los costos de mano de obra directa - 7. Planificación y control de gastos - 8. Planificación y control de desembolsos de capital - 9. Planificación y control de los flujos de efectivo - 10. Terminación y aplicación del plan de utilidades - 11. Determinación y análisis de los desvíos - 12. Comentarios referidos al control de gestión |
| 590 ## - LOCAL NOTE (RLIN) | |
| Local note | niveau_biblio:m niveau_hierar:0 |
| 856 41 - ELECTRONIC LOCATION AND ACCESS | |
| Uniform Resource Identifier | <a href="https://biblioeco.unsa.edu.ar/pmb/images/libros/Presupuesto y control de Gestion-l116432.jpg">https://biblioeco.unsa.edu.ar/pmb/images/libros/Presupuesto y control de Gestion-l116432.jpg</a> |
| Link text | Imagen de portada |
| Electronic format type | image/jpeg |
| 942 ## - ADDED ENTRY ELEMENTS (KOHA) | |
| Koha item type | |
| Withdrawn status | Lost status | Damaged status | Not for loan | Home library | Current library | Shelving location | Date acquired | Total checkouts | Full call number | Barcode | Date last seen | Price effective from | Koha item type |
|---|---|---|---|---|---|---|---|---|---|---|---|---|---|
| Biblioteca Prof. Eusebio Cleto del Rey | Biblioteca Prof. Eusebio Cleto del Rey | 07/04/2026 | 657.312 L583 | L116432 | 07/04/2026 | 07/04/2026 | Libro |